[Event "South America-ch U18 16th"]
[Site "Buenos Aires"]
[Date "2019.12.05"]
[Round "7.4"]
[White "Aranguiz Olave, Emilio Antonio"]
[Black "Falcon, Benjamin"]
[Result "0-1"]
[WhiteElo "1755"]
[BlackElo "2244"]
[PlyCount "58"]
[EventDate "2019.12.01"]
[EventType "swiss"]
[EventRounds "9"]
[EventCountry "ARG"]
[SourceTitle "EXT 2024"]
[Source "ChessBase"]
[SourceDate "2023.10.10"]
[SourceVersion "1"]
[SourceVersionDate "2023.10.10"]
[SourceQuality "1"]

1. b3 e5 2. Bb2 Nc6 3. e3 g6 4. Bb5 Bg7 5. f4 Qh4+ 6. g3 Qe7 7. Nf3 d6 8. 0-0 Bd7 9. e4 a6 10. Be2 Nf6 11. fxe5 dxe5 12. Ba3 Qd8 13. Nc3 Bh3 14. Re1 Qd7 15. Ng5 Bg4 16. Bxg4 Nxg4 17. Nd5 h6 18. Nf3 0-0-0 19. b4 f5 20. d3 f4 21. c4 fxg3 22. hxg3 Nd4 23. Nxd4 exd4 24. b5 Ne3 25. bxa6 Nxd1 26. axb7+ Kxb7 27. Rb1+ Ka8 28. Rexd1 Rb8 29. Bb4 c6 0-1

[Event "South America-ch U18 16th"]
[Site "Buenos Aires"]
[Date "2019.12.02"]
[Round "3.8"]
[White "Aranguiz Olave, Emilio Antonio"]
[Black "Silva, Lucas"]
[Result "1/2-1/2"]
[WhiteElo "1755"]
[BlackElo "2145"]
[PlyCount "68"]
[EventDate "2019.12.01"]
[EventType "swiss"]
[EventRounds "9"]
[EventCountry "ARG"]
[SourceTitle "EXT 2024"]
[Source "ChessBase"]
[SourceDate "2023.10.10"]
[SourceVersion "1"]
[SourceVersionDate "2023.10.10"]
[SourceQuality "1"]

1. b3 f5 2. Bb2 Nf6 3. f4 g6 4. Nf3 Bg7 5. e3 0-0 6. Be2 e6 7. 0-0 Qe7 8. h3 b6 9. Ba3 c5 10. Bb2 Bb7 11. c4 Ne4 12. Qc2 Ng3 13. Re1 Nxe2+ 14. Rxe2 Bxf3 15. gxf3 Nc6 16. Bxg7 Qxg7 17. Qc3 Nb4 18. a3 Qxc3 19. dxc3 Nc6 20. Rd2 Na5 21. Rb2 Kf7 22. Nd2 Rg8 23. h4 h6 24. Kf2 Rgd8 25. b4 Nb7 26. a4 Rdc8 27. Rc1 Rc7 28. Ke2 Rac8 29. Rbc2 d6 30. Nb3 Kf6 31. Kd3 d5 32. Nd2 Nd6 33. cxd5 exd5 34. c4 dxc4+ 1/2-1/2

[Event "Antofagasta Zicosur op 4th"]
[Site "Antofagasta"]
[Date "2019.01.09"]
[Round "8"]
[White "Aranguiz Olave, Emilio Antonio"]
[Black "Gomez Barrera, Gonzalo Andres"]
[Result "0-1"]
[WhiteElo "1679"]
[BlackElo "1842"]
[PlyCount "48"]
[EventDate "2019.01.04"]
[EventType "swiss"]
[EventRounds "10"]
[EventCountry "CHI"]
[SourceTitle "CBM 190 Extra"]
[Source "ChessBase"]
[SourceDate "2019.07.15"]
[SourceVersion "1"]
[SourceVersionDate "2019.07.15"]
[SourceQuality "1"]

1. b3 e5 2. Bb2 Nc6 3. e3 Nf6 4. Bb5 Bd6 5. Ne2 a6 6. Bxc6 dxc6 7. c4 e4 8. Nbc3 Bf5 9. Qc2 0-0 10. 0-0-0 Bg6 11. f4 Bh5 12. h3 Bxe2 13. Nxe2 Nd7 14. Bd4 Nc5 15. Bxc5 Bxc5 16. Nc3 Qe7 17. g4 b5 18. Ne2 a5 19. cxb5 cxb5 20. h4 a4 21. g5 axb3 22. axb3 Ba3+ 23. Kb1 c5 24. h5 Rfd8 0-1

[Event "Antofagasta Zicosur op 4th"]
[Site "Antofagasta"]
[Date "2019.01.08"]
[Round "6"]
[White "Aranguiz Olave, Emilio Antonio"]
[Black "Galvez Aguirre, Marcelo"]
[Result "1-0"]
[WhiteElo "1679"]
[BlackElo "1317"]
[PlyCount "69"]
[EventDate "2019.01.04"]
[EventType "swiss"]
[EventRounds "10"]
[EventCountry "CHI"]
[SourceTitle "CBM 190 Extra"]
[Source "ChessBase"]
[SourceDate "2019.07.15"]
[SourceVersion "1"]
[SourceVersionDate "2019.07.15"]
[SourceQuality "1"]

1. b3 e5 2. Bb2 Nc6 3. e3 a6 4. d4 exd4 5. exd4 d5 6. Nf3 Bg4 7. Be2 Bxf3 8. Bxf3 Nf6 9. 0-0 Be7 10. Re1 0-0 11. Nd2 a5 12. h3 Re8 13. c4 dxc4 14. Nxc4 Nd5 15. Qc2 Qd7 16. Rad1 Bf6 17. Ne5 Qd6 18. Qc4 Nce7 19. g3 c6 20. Ng4 h6 21. Qd3 Rad8 22. Qc2 Kf8 23. h4 Ng6 24. h5 Nge7 25. Qh7 Ng8 26. Be4 Qd7 27. Bf5 Rxe1+ 28. Rxe1 Qd6 29. Ne5 Nde7 30. Bg4 Bxe5 31. dxe5 Qd2 32. Rd1 Qxd1+ 33. Bxd1 Rxd1+ 34. Kg2 Rd2 35. Bc3 1-0